|
|
|
|
| LEADER |
00817nta a2200181 i 4500 |
| 001 |
dipl3655 |
| 005 |
20130314072931.0 |
| 008 |
110419s2010 hu om 0|| hun d |
| 040 |
|
|
|a SZTE Diploma Repozitórium
|b hun
|
| 041 |
|
|
|a hun
|
| 100 |
1 |
|
|a Rózsa Tibor
|
| 245 |
1 |
0 |
|a Autósiskola adminisztrációja asztali és késziszámítógépes környezetben
|h [elektronikus dokumentum] /
|c Tibor Rózsa
|
| 260 |
|
|
|c 2010
|
| 650 |
|
4 |
|a Informatika
|
| 700 |
1 |
|
|a Tanács Attila
|e ths
|
| 856 |
4 |
0 |
|u http://diploma.bibl.u-szeged.hu/id/eprint/3655/1/2010_rozsa_tibor_10_114.pdf
|z Dokumentum-elérés
|
| 856 |
4 |
0 |
|u http://diploma.bibl.u-szeged.hu/id/eprint/3655/2/2010_rozsa_tibor_10_114_biralat.pdf
|z Dokumentum-elérés
|
| 856 |
4 |
0 |
|u http://diploma.bibl.u-szeged.hu/id/eprint/3655/3/2010_rozsa_tibor_10_114_melleklet.tar.gz
|z Dokumentum-elérés
|